Ginny & Georgia Characters by Picture - Statistics

General Stats
  • This quiz has been taken 170 times
  • The average score is 21 of 28
Answer Stats
Picture Answer % Correct
Georgia
100%
Ginny
100%
Marcus
94%
Abby
93%
Austin
93%
Maxine
92%
Joe
90%
Hunter
89%
Zion
89%
Paul
88%
Norah
86%
Ellen
79%
Padma
79%
Gil
77%
Sophie
75%
Cynthia
72%
Wolfe
72%
Samantha
69%
Silver
69%
Matt
67%
Zach
63%
Bracia
62%
Nick
57%
Simone
53%
Clint
51%
Gabriel
50%
Jordan
50%
Tris
44%
No matching quizzes found
Score Distribution
Percent of People with Each Score
Percentile by Number Answered
Your Score History
You have not taken this quiz